The secret of happiness : (Record no. 175)
[ view plain ]
| 000 -LEADER | |
|---|---|
| fixed length control field | 00825cam a22002651 4500 |
| 001 - CONTROL NUMBER | |
| control field | 2700816 |
| 003 - CONTROL NUMBER IDENTIFIER | |
| control field | OSt |
| 005 - DATE AND TIME OF LATEST TRANSACTION | |
| control field | 20140310181622.0 |
| 008 - FIXED-LENGTH DATA ELEMENTS--GENERAL INFORMATION | |
| fixed length control field | 730213s1955 nyua 000 0 eng |
| 010 ## - LIBRARY OF CONGRESS CONTROL NUMBER | |
| LC control number | 55011331 /L/r863 |
| 035 ## - SYSTEM CONTROL NUMBER | |
| System control number | (OCoLC)ocm00916377 |
| 040 ## - CATALOGING SOURCE | |
| Original cataloging agency | DLC |
| Transcribing agency | DLC |
| Modifying agency | ZCU |
| 050 0# - LIBRARY OF CONGRESS CALL NUMBER | |
| Classification number | BT 382 |
| Item number | .G738 1968 |
| 082 ## - DEWEY DECIMAL CLASSIFICATION NUMBER | |
| Classification number | HS 158 |
| Item number | Gra76 1955 |
| 100 1# - MAIN ENTRY--PERSONAL NAME | |
| Personal name | Graham, Billy, |
| Dates associated with a name | 1918- |
| 9 (RLIN) | 9950 |
| 245 14 - TITLE STATEMENT | |
| Title | The secret of happiness : |
| Remainder of title | Jesus' teaching on happiness as expressed in the Beatitudes./ |
| Statement of responsibility, etc | Billy Graham. |
| 250 ## - EDITION STATEMENT | |
| Edition statement | [1st ed.] |
| 260 ## - PUBLICATION, DISTRIBUTION, ETC. (IMPRINT) | |
| Place of publication, distribution, etc | Garden City, N.Y., |
| Name of publisher, distributor, etc | Doubleday, |
| Date of publication, distribution, etc | c1968. |
| 300 ## - PHYSICAL DESCRIPTION | |
| Extent | 117 p. : |
| Other physical details | ill. ; |
| Dimensions | 22 cm. |
| 630 00 - SUBJECT ADDED ENTRY--UNIFORM TITLE | |
| Uniform title | Beatitudes |
| General subdivision | Criticism, interpretation, etc. |
| 9 (RLIN) | 9951 |
| 650 #0 - SUBJECT ADDED ENTRY--TOPICAL TERM | |
| Topical term or geographic name as entry element | Happiness |
| General subdivision | Religious aspects |
| -- | Christianity. |
| 9 (RLIN) | 9952 |
| 942 ## - ADDED ENTRY ELEMENTS (KOHA) | |
| Source of classification or shelving scheme | Library of Congress Classification |
| Koha item type | |
| Withdrawn status | Lost status | Source of classification or shelving scheme | Damaged status | Home library | Current library | Shelving location | Date acquired | Total Checkouts | Full call number | Barcode | Date last seen | Copy number | Price effective from | Koha item type |
|---|---|---|---|---|---|---|---|---|---|---|---|---|---|---|
| Library of Congress Classification | Luxembourg Library | Luxembourg Library | High School Section | 01/11/2012 | BT 382 .G738 1968 | 4453 | 09/11/2015 | 1 | 10/03/2013 | Books |